| 000 | 01248nam0a22003011 4500 | ||
|---|---|---|---|
| 001 | rc\4170982 | ||
| 005 | 20130415191012.2 | ||
| 021 |
_aRU _b[52-14121] |
||
| 035 | _a(NLR Aleph) 008183193 | ||
| 090 |
_a7928833 _c7928833 |
||
| 100 | _a20130415d1952 |||y0rusy50 ca | ||
| 101 | 0 | _arus | |
| 102 | _aRU | ||
| 105 | _aa z ||||| | ||
| 200 | 1 |
_aРоспись тканей _eПособие для художников и мастеров _fПод общ. ред. С.М. Темерина _gНауч.-исслед. ин-т худож. пром-сти Роспромсовета |
|
| 210 |
_aМосква _cКОИЗ _d1952 |
||
| 215 |
_a66 с., 22 л. ил. _cил. _d27 |
||
| 300 | _aПеред загл. авт.: С.М. Темерин, Н.В. Трифонова, Б.А. Поманский | ||
| 300 | _aНа обл. авт. не указаны | ||
| 606 |
_aРоспись тканей _2psbo |
||
| 700 | 1 |
_aТемерин _bС. М. _gСергей Митрофанович |
|
| 701 | 1 |
_aТрифонова _bН. В. _gНаталья Васильевна |
|
| 701 | 1 |
_aПоманский _bБ. А. _gБорис Анисимович |
|
| 801 | 0 |
_aRU _bNLR _gpsbo |
|
| 801 | 1 |
_aRU _bELAR _2rusmarc |
|
| 852 |
_aNLR _jИс50 Г-8/20 |
||
| 942 | _cBOOK | ||
| 980 | _aNB | ||